000 00468nam a2200157Ia 4500
999 _c18671
_d18671
003 OSt
005 20200611104824.0
008 190216s9999||||xx |||||||||||||| ||und||
040 _coclc
082 _a200
_bRAD/R
100 _aRadhakrishnan, S
_9344
245 0 _aReligion In A Changing World /
_cS Radhakrishnan
260 _bLondon George Allen And Unwin Ltd,
_c1967.
_aNew York:
300 _a186p
942 _cBK
_2ddc
_h200
_iRAD/R
_k200
_mRAD/R